An investigation of pain catastrophizing in Malaysian male and female office workers with neck pain /
Saved in:
| Main Author: | |
|---|---|
| Format: | Thesis |
| Language: | English |
| Published: |
Sheffield :
Sheffield Hallam University,
2011
|
| Subjects: | |
| Tags: |
Add Tag
No Tags, Be the first to tag this record!
|
| LEADER | 010990000a22002650004500 | ||
|---|---|---|---|
| 008 | 140721s2011 xxka f m 000 0 eng d | ||
| 040 | |a UIAM |b eng |e rda | ||
| 043 | |a a-my--- | ||
| 050 | 0 | |a RC936 | |
| 100 | 0 | |a Munayati Munajar, |e author | |
| 245 | 1 | 2 | |a An investigation of pain catastrophizing in Malaysian male and female office workers with neck pain / |c Munayati Munajar |
| 264 | 1 | |a Sheffield : |b Sheffield Hallam University, |c 2011 | |
| 300 | |a 86 leaves : |b illustrations ; |c 30 cm. | ||
| 336 | |2 rdacontent |a text | ||
| 337 | |2 rdamedia |a unmediated | ||
| 338 | |2 rdacarrier |a volume | ||
| 502 | |a Thesis (MSc Applying Physiotheraphy)--Sheffield Hallam University, 2011. | ||
| 504 | |a Includes bibliographical references (leaves 54-56). | ||
| 546 | |a Abstract in English. | ||
| 596 | |a 6 | ||
| 655 | 0 | 7 | |a Theses, IIUM foreign |
| 710 | 1 | |a Sheffield Hallam University. |b Faculty of Health and Wellbeing | |
| 900 | |a oc-amr-hj-a jt | ||
| 999 | |c 438912 |d 469103 | ||
| 952 | |0 0 |6 T RC 000936 M963I 2011 |7 0 |8 THESES |9 759823 |a KIMC |b KIMC |c CLOSEACCES |g 0.00 |o t RC 936 M963I 2011 |p 11100324616 |r 2019-09-04 |t 1 |v 0.00 |y THESIS | ||
